00533nam a2200169 i 450000100060000000300090000600500170001500700030003200800410003510000420007624500990011825000150021726000340023230000300026670000350029685200320033122594ES-MaACL20230906152725.0t|021203s1983 sp ||||1| spa d1 aÁlvarez de Morales y Ruiz, Antonio.10aFormularios de sociedades / cAntonio Alvarez de Morales y Ruiz, Miguel Angel del Arco Torres. a[1ª ed.]. aGranada : b[Comares, c1983] aXXVIII, 636 p. ; c21 cm.1 aArco Torres, Miguel Angel del. aES-MaACLjL-7334 bR.108044